Statistics for Movies By 1 Actor and 1 Actress - Jack Nicholson Edition

Click here to take the quiz!

General Stats

  • This quiz has been taken 19 times
  • The average score is 14 of 26

Answer Stats

CastMovie% Correct
Michael Keaton, Kim BasingerBatman
94%
Louise Fletcher, Brad DourifOne Flew Over the Cuckoo's Nest
94%
Shelley Duvall, Danny LloydThe Shining
94%
Tom Cruise, Demi MooreA Few Good Men
83%
Helen Hunt, Cuba Gooding Jr.As Good As It Gets
83%
Morgan Freeman, Beverly ToddThe Bucket List
72%
Leonardo DiCaprio, Vera FarmigaThe Departed
67%
Adam Sandler, Marisa TomeiAnger Management
61%
Faye Dunaway, James HongChinatown
61%
Peter Fonda, Luana AndersEasy Rider
61%
Cher, Richard JenkinsThe Witches of Eastwick
61%
Anjelica Huston, Robert LoggiaPrizzi's Honor
56%
Glenn Close, Pierce BrosnanMars Attacks!
50%
Michelle Pfeiffer, Christopher PlummerWolf
44%
Karen Black, Richard StahlFive Easy Pieces
39%
Meryl Streep, Jeff DanielsHeartburn
39%
Danny DeVito, Karen YoungHoffa
39%
Reese Witherspoon, Owen WilsonHow Do You Know
39%
Warren Beatty, Diane KeatonReds
39%
Diane Keaton, Keanu ReevesSomething's Gotta Give
39%
Benicio del Toro, Patricia ClarksonThe Pledge
39%
Marlon Brando, Kathleen LloydThe Missouri Breaks
33%
Meryl Streep, Tom WaitsIronweed
28%
Boris Karloff, Sandra KnightThe Terror
28%
Michael Caine, Jennifer LopezBlood and Wine
22%
Bruce Dern, Ellen BurstynThe King of Marvin Gardens
22%

Score Distribution

Percentile by Number Answered

Percent of People with Each Score

Your Score History

You have not taken this quiz